POST HARVEST MANAGEMENT AND VALUE ADDITION OF FRUITS AND VEGETABLES (Record no. 9055)

MARC details
000 -LEADER
fixed length control field 00501nam a22001697a 4500
005 - DATE AND TIME OF LATEST TRANSACTION
control field 20260310152125.0
008 - FIXED-LENGTH DATA ELEMENTS--GENERAL INFORMATION
fixed length control field 260309b |||||||| |||| 00| 0 eng d
020 ## - INTERNATIONAL STANDARD BOOK NUMBER
ISBN 978-81-7622-399-7
041 ## - LANGUAGE CODE
Language code of text/sound track or separate title eng
082 ## - DEWEY DECIMAL CLASSIFICATION NUMBER
Classification number 634 KUR-P
100 ## - MAIN ENTRY--AUTHOR NAME
Personal name KUREEL, M.K & MANDLOI, D.S. , SINGH, K.V AND LEKHI, RAJESH
245 ## - TITLE STATEMENT
Title POST HARVEST MANAGEMENT AND VALUE ADDITION OF FRUITS AND VEGETABLES
260 ## - PUBLICATION, DISTRIBUTION, ETC. (IMPRINT)
Place of publication NEW DELHI
Name of publisher BIOTECH BOOKS
Year of publication 2020
300 ## - PHYSICAL DESCRIPTION
Number of Pages 165;P
650 ## - SUBJECT ADDED ENTRY--TOPICAL TERM
Topical Term AGRICULTURE
942 ## - ADDED ENTRY ELEMENTS (KOHA)
Koha item type Books
Holdings
Lost status Damaged status Collection code Home library Current library Shelving location Date acquired Source of acquisition Cost, normal purchase price Serial Enumeration / chronology Full call number Accession Number Koha item type
    AGRICULTURE JRU Library JRU Library NEW ARRIVAL SHELF 09/03/2026 PURCHASE 165.00 LBI/000880 , DATE-6/03/2026 634 29291 Books